000 00539nam a2200193Ia 4500
005 20250326144813.0
008 250326s9999 xx 000 0 und d
020 _a81-7188-430-X
037 _aTextbook
040 _aFMSL
_beng
_cFMSL
041 _aeng
_2eng
084 _aX.44 P6
_qFMSL
100 _aNagaraj R
245 0 _aAspects of India's ecnomic growth and reforms
_cNagaraj R
260 _aNew Delhi
_bNew Delhi, Academic Foundation
_c2006
300 _a352p
942 _cTB
_hX.44 P6
999 _c1305131
_d1305131